| 000 | 00653nam a2200217 4500 | ||
|---|---|---|---|
| 003 | OSt | ||
| 005 | 20240704022234.0 | ||
| 006 | a | ||
| 008 | 240704b |||||||| |||| 00| 0 eng d | ||
| 020 | _a9780123694935 | ||
| 040 |
_aDWCL-Main lib. _cOC |
||
| 082 |
_aSecond edition _2Circ. 571.157 K66p 2007 |
||
| 100 | _aKlowden, Marc J. | ||
| 245 | _aPhysiological systems in insects / | ||
| 250 | _aSecond edition | ||
| 260 |
_aUSA : _bAcademic Press, _cc2007. |
||
| 300 |
_ax, _b688 p. : ill. ; _c24 cm. |
||
| 504 | _aIncludes bibliographical references and index. | ||
| 650 | _a1. Insects-Physiology. | ||
| 942 |
_2ddc _n0 _cBK-CIRC _eSecond edition _kCirc. |
||
| 999 |
_c1924 _d1924 |
||